| 000 | 01250nam a22002177a 4500 | ||
|---|---|---|---|
| 999 |
_c61905 _d61905 |
||
| 003 | Ge_BSU | ||
| 005 | 20240606154530.0 | ||
| 008 | 240606s1982 ge ||||| |||| 00| 0 geo d | ||
| 041 | _ageo | ||
| 080 | _a611+612+615+614 ს--36 | ||
| 245 |
_aსახელმძღვანელო მედდების მოსამზადებლად : _b[უმაღლ. სასწავლებლებისათვის]. / _cრედ. მ. ვადაჭკორია; თბილისის შრომის წითელი დროშის ორდენოსანი სახ. უნივერსიტეტი. |
||
| 264 |
_aთბ. : _bთბილ. უნ-ტის გამ-ბა, _c1982. |
||
| 300 |
_a523 გვ. ; _b22 სმ. |
||
| 653 | _aმედდების სახელმძღვანელო | ||
| 653 | _aადამიანის ფიზიოლოგია | ||
| 653 | _aწამალთმცოდნეობა | ||
| 653 | _aშინაგანი დაავადებები | ||
| 653 | _aდაშავებულთა მოვლა | ||
| 700 |
_aვადაჭკორია, მ. _eრედაქტორი _922341 |
||
| 942 |
_2udc _cᲬᲘᲒᲜᲘ |
||